Quizzes
Events
Quiz Creation
Community
Videos
Private Events
Remove Ads
Sign In
Join for FREE
Feedback
Dark Mode
Quiz Categories
Sports
Geography
Music
Movies
Television
Just For Fun
Miscellaneous
History
Literature
Language
Science
Gaming
Entertainment
Religion
Holiday
For Kids
Quiz Lab
Recent
Popular Today
Quiz Kudos Today
Editor Picks
Curator Picks
Quizzes by...
Day
Popularity
Type
Ratings
Length
Year
Community
Subscriptions
Recent Discussions
Orange Saloon
Badges
Playlists
Quests
Create
Leaderboards
Showdown
Live 5
Trivia Bingo
Activity
Puzzle Library
Sporcle Events
Private Events
Virtual Trivia
Globe League
Become a Host
Pub Owners
SporcleCon
Opinionation
Our Games
Videos
Blog
Mobile Apps
Partnerships
Remove Ads and Go Orange
Feedback
Music
Pop Music
The Beatles
Song
Album
Lyrics
Bands
Singers
Artist
Clip
Rock
Rap
Classical
Billboard
Country Music
Kpop
Taylor Swift
Music
Pop Music
The Beatles
Song
Album
Lyrics
Bands
Singers
Artist
Clip
Rock
Rap
Classical
Billboard
Country Music
Kpop
Taylor Swift
Random Quiz
Search Sporcle
×
Quiz Lab
Quiz Lab
Music
Lyrics
Type in answers that appear in a list
Type in answers that appear in a list
Classic
Best Score? Go Orange.
Guess The Lyrics: Radiohead 2 Stats
Guess The Lyrics: Radiohead 2
By
trappedatwork
10m
268 Questions
492 Plays
492 Plays
492 Plays
Comments
Comments
Give Quiz Kudos
Give Quiz Kudos
-
- Ratings
hide this ad
More Info
Replay
Link that replays current quiz
Next Quiz
Link to next quiz in quiz playlist
You Got
0%
They Got
Avg Score
57%
Avg Friend Score
Upgrade to see
Score Distribution
Jump to the score distribution portion of the page
Score
0/268
Timer
10:00
0
Plays Today
Answer
% Correct
I
97.4%
I
97.4%
I
97.4%
I
97.4%
I
97.4%
I
97.4%
I
97.4%
repeat chorus
97.4%
I
97.4%
you
94.1%
you
94.1%
you
94.1%
you
94.1%
you
94.1%
you
94.1%
you
94.1%
a
94.1%
you
94.1%
a
94.1%
you
94.1%
a
94.1%
you
94.1%
the
92.7%
the
92.7%
the
92.7%
the
92.7%
the
92.7%
the
92.7%
the
92.7%
the
92.7%
the
92.7%
the
92.7%
The
92.7%
the
92.7%
the
92.7%
the
92.7%
the
92.7%
the
92.7%
the
92.7%
the
92.7%
the
92.7%
the
92.7%
the
92.7%
the
92.7%
the
92.7%
the
92.7%
the
92.7%
the
92.7%
me
79.7%
me
79.7%
me
79.7%
me
79.7%
me
79.7%
me
79.7%
me
79.7%
me
79.7%
in
79.3%
in
79.3%
in
79.3%
in
79.3%
in
79.3%
in
79.3%
in
79.3%
In
79.3%
in
79.3%
and
77.2%
and
77.2%
and
77.2%
and
77.2%
and
77.2%
and
77.2%
and
77.2%
and
77.2%
and
77.2%
to
76.6%
to
76.6%
to
76.6%
to
76.6%
he
74.6%
on
74.2%
on
74.2%
it
71.3%
it
71.3%
it
71.3%
it
71.3%
Go
70.1%
Go
70.1%
go...
70.1%
your
69.9%
your
69.9%
Answer
% Correct
of
66.1%
be
65.9%
my
65.4%
my
65.4%
Don't
65.2%
Don't
65.2%
don't
65.2%
don't
65.2%
Don't
65.2%
Don't
65.2%
we
64.8%
up
63.4%
up
63.4%
up
63.4%
up
63.4%
up
63.4%
up
63.4%
If
62.8%
If
62.8%
that
62.4%
'em
62.2%
all
62%
all
62%
all
62%
is
61.8%
Step
60.6%
from
60%
get
59.8%
Get
59.8%
Get
59.8%
get
59.8%
get
59.8%
out
59.6%
out
59.6%
Out
59.6%
see
58.7%
love
57.5%
So
57.3%
are
56.7%
are
56.7%
Just
56.3%
just
56.3%
door
55.1%
wolf
54.1%
Take
53.3%
Take
53.3%
Take
53.3%
gonna
53.3%
But
53%
But
53%
he's
52%
face
51.2%
face x2
51.2%
face
51.2%
face
51.2%
with
51%
with
51%
With
51%
for
50.8%
I'll
50.6%
At
50.2%
keep
49.8%
children
49.2%
him
49%
never
49%
call
48.6%
mess
48.6%
flan
48.2%
flan
48.2%
flan
48.2%
again
47.6%
Tells
46.5%
ways
46.5%
calls
46.1%
Calls
46.1%
phone
45.7%
ransom
45.7%
cops
45.7%
pay
45.5%
Dance
45.3%
**** x2
45.3%
Steal
45.3%
gonna
45.3%
its
44.9%
dare x2
44.5%
Drag
42.7%
who
42.5%
know
42.3%
know
42.3%
squeal
41.7%
Answer
% Correct
like
41.1%
window
40.7%
look
39.8%
Put
39.8%
dead
39.2%
teeth
39.2%
Let
39%
let
39%
this
38.8%
off.
38.6%
head
38.4%
taxman
38.2%
Snakes
38%
pinch
37.8%
salt
37.8%
eyes
37.4%
ladders
37.2%
Singing
36.6%
miss
36.6%
good
36.4%
back
36.2%
back
36.2%
Kicks
35.8%
inside x5
35.6%
come
35.2%
eggs
35%
toe
34.6%
Steel
34.1%
given
34.1%
mirror
34.1%
doctor
34.1%
neck
33.1%
promise
32.9%
we're
32.9%
Dragging
32.7%
credit
32.3%
pops
31.9%
cards
31.9%
x-ray
31.9%
over
31.7%
over
31.7%
1st
31.1%
caps
30.7%
recognize
30.3%
Help
30.3%
Wives
29.9%
wives
29.9%
wives
29.9%
Takes
29.7%
cracker
29.5%
Cold
29.5%
Cold
29.5%
someone
29.3%
lid
29.1%
Walking
28.5%
giant
28.3%
world
27.8%
turn
27.8%
Flip
27.4%
mistresses.
27.2%
class
27%
little
26.8%
born
26.2%
Born
26.2%
Knifes
26%
crane
26%
boys
25.4%
gunge
25.2%
clean
25.2%
strip
25%
job
24.8%
naked
24.4%
tape
24.4%
else
24.2%
raised
23.6%
Stepford
22.6%
Sunday
22.6%
Investments
22.2%
Smacks
21.5%
tight
21.5%
papers.
21.3%
complain?
21.1%
wish
20.9%
dealers x2
20.5%
City
20.3%
you'd
19.3%
list?
18.5%
Oh
13.8%
Quiz Playlist
Details
Report
Send in Message
Add To Playlist
More Info:
Can you figure out the Radiohead song by guessing the lyrics?
Classic:
Type in answers that appear in a list
Quiz Source
Last Updated: Feb 16, 2017
Quiz Scoreboard
CHALLENGE
Sign Up to Join the Scoreboard
Show All
Scores
Hide
Comments
May contain spoilers
Recently Published
Popular People in 1961
by mucciniale
History
6m
1-10 Letter E Words III
by El_Dandy
Language
2m
One Thing in Common: World Cities II
by knightlancer
Geography
7m
More to Explore
Quiz From the Vault
Featured Blog Post
Where Did the Easter Bunny Come From?
hide this ad
You Might Also Like...
Tags
Lyrics Quiz
Guessing Game
Radiohead
Today's Top Quizzes in Music
Browse Music
hide this ad
Today's Top Quizzes in Lyrics
Browse Lyrics
Top Contributed Quizzes in Music
1
Taylor Swift All Songs (2024)
2
Taylor Swift Logic Puzzle
3
2010s Album by Cover III
4
Guess the Taylor Swift song (Mystery Song)
5
One Thing in Common: Music
6
Guess the Artist- 70s Songs
7
2010s Album by Cover IV
8
2010s Album by Cover V
9
Get the Picture: Carrie or Dolly
10
Lana Del Rey Discography (BTD to DYKTTATUOB)
Explore More
Trending Topics
Crossword
NBA
Marvel
Anime
Disney
Kpop
Harry Potter
NFL
Puzzle
The Office
Song
Pokémon
WWE
Soccer
Country
hide this ad
More By:
trappedatwork
Quiz
Plays
Rating
Category
Featured
Created
Marvel Crossover Events
604
4.80
Entertainment
Nov 1, 2013
Guess The Lyrics: Radiohead 2
492
4.33
Music
Nov 4, 2013
Guess The Lyrics: Radiohead 3
474
3.60
Music
Nov 4, 2013
Guess The Lyrics: Radiohead 4
452
3.33
Music
Nov 4, 2013
M83 Songs (Studio Albums)
124
4.50
Music
Nov 4, 2013
Go to Creator's Profile
Score Distribution
Quiz Creator Spotlight
trappedatwork
Follow
Send a Message
Quizzes Created
-
Created Quiz Play Count
-
More By This Creator
Popular Quizzes Today
1
Find the US States - No Outlines Minefield
2
The Countries of the World
3
Popular People in 1961
4
Find the Countries of Europe - No Outlines Minefield
5
1-10 Letter E Words III
6
Find the US States
7
One Thing in Common: World Cities II
8
US States
More Music Quizzes
Backstreet Boys Albums
Published
Trending Quizzes
1-10 Letter F Words
One Thing in Common: Music
1-10 Letter G Words
Risky Map Clicking: Next State Alphabetically
1-10 Letter F Words II
Recently Updated
Leaping Animals
pecheneg
Reality TV Shows (A-Z)
bhenderson79
Rickey Henderson's Hall of Fame Teammates
pecheneg
Champions League XIs: Arsenal
pecheneg
Quick Pick: Celebrities in WWE's Hall of Fame
aduchscher
A-Z Keypad Blitz II
pecheneg
Multiple Oscar Actors
pecheneg
Mystery Phrase Blitz: Oscar 'Best Actors'
pecheneg
F. Scott Fitzgerald Novels
LTH
Pick 3 Villains
ddd62291
Trending Topics
Marvel
Crossword
NBA
Harry Potter
Disney
Kpop
Anime
Puzzle
WWE
Country
Song
NFL
Soccer
The Office
Pokémon
Your Account Isn't Verified!
In order to create a playlist on Sporcle, you need to verify the email address you used during registration. Go to your
Sporcle Settings
to finish the process.
Report this User
Report this user for behavior that violates our
Community Guidelines
.
Details:
Send Report
Go to the Sporcle.com Mobile Site →
Comments